| 000 | 00474nam a2200157Ia 4500 | ||
|---|---|---|---|
| 008 | 151021s9999 xx 000 0 und d | ||
| 050 | _aGE1055.N42 2011 | ||
| 245 | _a_Evironmental Scince Toward a Sustainable Future Richard T. Wright | ||
| 260 | _aBoston Pearson 2011 | ||
| 300 | _axxii,674p.ill | ||
| 500 | _aInclide index | ||
| 500 | _aInclide index | ||
| 650 | _a_Environmental science | ||
| 700 | _a_Boorse,Dorothy F. | ||
| 980 | _a^d20130524 11:54:13^okorir | ||
| 999 |
_c13696 _d13696 |
||